000 00577cam a2200193 4500500
005 20260405001947.0
041 _afre
042 _adc
100 1 0 _aGayraud, Agnès
_eauthor
245 0 0 _aDavid Bowie. Let’s think !
260 _c2015.
500 _a25
690 _aDavid Bowie
690 _aMusique
690 _aPacôme Thiellement
690 _aSimon Crichtley
786 0 _nPhilosophie magazine | 87 | 3 | 2015-03-01 | p. 22-22 | 1951-1787
856 4 1 _uhttps://shs.cairn.info/magazine-philosophie-magazine-2015-3-page-22?lang=fr&redirect-ssocas=7080
999 _c2052757
_d2052757